000 00307 a2200145 4500
001 180907
020 _a
040 _cMagnum
100 _aGuimaraes, Vicente
240 1 0 _aE o macaco venceu/v.5
_lpor
245 1 0 _aE o macaco venceu/v.5
362 0 _a1899
697 _aMAGNITO: IJ/GERAL
942 _cBK
999 _c180907
_d180907